Κατάλογος Βιβλιοθηκών Mediterranean College

Ένας Δράκος στο Φλιτζάνι μου - Το Λεξικό των Υλικών - Στο Μουσείο Ολοταχώς - Τη Βάγια τη Πειραματού - Κατασκευές για το Φθινόπωρο τις Πρώτες Ημέρες στο Σχολείο την 28η Οκτωμβρίου (Record no. 9496)

MARC details
000 -LEADER
fixed length control field 02040cam a22001814a 4500
005 - ΗΜΕΡΟΜΗΝΙΑ ΚΑΙ ΩΡΑ ΤΕΛΕΥΤΑΙΑΣ ΕΝΗΜΕΡΩΣΗΣ
Πεδίο ελέγχου 20250605164402.0
008 - FIXED-LENGTH DATA ELEMENTS--GENERAL INFORMATION
Πεδίο ελέγχου σταθερού μήκους 250528s ||||||||||||||||||||||||d
035 ## - SYSTEM CONTROL NUMBER
System control number 24627
040 ## - ΠΗΓΗ ΚΑΤΑΛΟΓΟΓΡΑΦΗΣΗΣ
Φορέας πρωτότυπης καταλογογράφησης MC Athens Campus Library
Γλώσσα καταλογογράφησης Ελληνικά, Μοντέρνα (1453-)
Modifying agency MC Athens Campus Library
Κανόνες περιγραφικής καταλογογράφησης AACR2
245 1# - ΤΙΤΛΟΣ ΚΑΙ ΔΗΛΩΣΗ ΥΠΕΥΘΥΝΟΤΗΤΑΣ
Τίτλος Ένας Δράκος στο Φλιτζάνι μου - Το Λεξικό των Υλικών - Στο Μουσείο Ολοταχώς - Τη Βάγια τη Πειραματού - Κατασκευές για το Φθινόπωρο τις Πρώτες Ημέρες στο Σχολείο την 28η Οκτωμβρίου
260 ## - PUBLICATION, DISTRIBUTION, ETC.
Name of publisher, distributor, etc. Δημιουργικό Εργαστήρι,
Date of publication, distribution, etc. 2012
300 ## - PHYSICAL DESCRIPTION
Extent 60
520 ## - SUMMARY, ETC.
Summary, etc. Ένας Δράκος στο Φλιτζάνι μου, Μαθαίνοντας τους Αριθμούς με την Κυρία Κουκουβάγια, Φτιάξτε το Δικό σας Παραμύθι, Παρουσιολόγιο με Σπίτια, Κούκλα Μαρότα, Μολυβοθήκη Τιγράκι, Χεράκια Ουράνιο Τόξο, Ένα Πάντα από Πιατάκι του Πάρτι, Καμηλοπάρδαλη, Αλογάκι στο Λιβάδι, Κουτί Ανακύκλωσης, Mobile Μολύβι με Αριθμούς, Φθινοπωρινό Δέντρο, Οι Θησαυροί της Φύσης, Φθινοπωρινό Μόμπιλε με Φυσικά Φύλλα, Φύλλα από Σπόρους, Φθινοπωρινή Κορνίζα, Τοτέμ Πουλιών, 'Νόστιμες' Φατσούλες, Πήλινο Χελωνάκι, Κολιέ ή Βραχιόλι από Ζυμαρικά, Κουμπαράς Βάτραχος, Κουμπαράς Τύμπανο, Τα Παδάκια του Φθινοπώρου, Πάμε στην Παρέλαση, Τι Ανακαλύπτω στο Πελεμικό Μουσείο της Αθήνας, Ο Χορός των Ποπ-Κορν, Muffins με Νιφάδες Βρώμης και Μπανάνες.
700 1# - ΠΡΟΣΘΕΤΗ ΑΝΑΓΡΑΦΗ--ΦΥΣΙΚΟ ΠΡΟΣΩΠΟ
Personal name Βασδέκη Κυριακή
9 (RLIN) 9498
942 ## - ADDED ENTRY ELEMENTS (KOHA)
Koha item type Περιοδικά Δημοσιεύματα
Holdings
Τύπος τεκμηρίου Βιβλιοθήκη Τρέχουσα τοποθεσία Barcode Ημερομηνία απόκτησης Ταξιθετικό σύμβολο Αριθμός αντιτύπου Αρίθμηση σειρών / χρονολογία Κατάσταση απόσυρσης Κατάσταση χαμένου Κατάσταση κατεστραμμένου Μη δανεισμός Σύνολο δανεισμών Ημερομηνία τελευταίας εμφάνισης Η τιμή ισχύει από
Περιοδικά Δημοσιεύματα MC Athens Campus Library MC Athens Campus Library 9780000094957 05/06/2025 ΕΡΓΑΣΤΗΡΙ 1 65           05/06/2025 05/06/2025

MC Athens Campus Library
Πατησίων 94 & Κοδριγκτώνος 13, 104 34
Πελλήνης 8 & Πατησίων 107, 112 51
Τ: +30 210 8899600

MC Thessaloniki Campus Library
Ίωνος Δραγούμη 21, 54625 | Ίωνος Δραγούμη 15, 54625
Τ: +30 2310 287779 – Τ: +30 2314 440300